| 000 | 00376nam a22001337a 4500 | ||
|---|---|---|---|
| 082 |
_a297.1227 _bTAF |
||
| 100 |
_aMaudodi, abul aala _947110 |
||
| 245 |
_aتفہیم القرآن _cMaudodi, abul aala |
||
| 250 | _aجلددوم | ||
| 260 |
_aLahore _bservice book club _c1987 |
||
| 300 |
_a712 p. _btext _c28 cm |
||
| 526 |
_a0 _b0 _c0 _d297_122700000000000_TAF |
||
| 942 |
_2ddc _cBK |
||
| 999 |
_c550407 _d550407 |
||